zpět

Detail výsledku týmu

Pod Obrazem, Krnov

Datum a čas kvízu

30.5 Celkem bodů Celkový počet nahraných bodů na tomto kvízu bez doplňovacích otázek.
7. Pořadí na kvízu Konečné umístění týmu na tomto kvízu.

Zaznamenané odpovědi

# Otázka Odpověď Body Výsledky
1. V sobotu začal na pražském Výs... Matějská pouť 1
2. V Německu se v neděli konaly p... CDU/CSU, Friedrich Merz 0.5
3. Minulý týden odstartovala na T... 4. řada, Suzuki 1
4. Cestovatelský server Tripadvis... Řecko 1
5. Minulý týden v pátek se konalo... Connor McDavid 0
6. Nyní se od aktualit přesuneme... 1D 2B 3A 4C 0
7. Uveďte odborný název pro skupi... ichtyosauři 1
8. Přibližně takto mohl vypadat j... o velociraptora 0
9. Americký spisovatel a scenáris... Michael Crichton 0
10. Na fotce vidíme mumii a rekons... Ötzi 1